00298nam a2200121Ia 4500008004100000100001400041245003500055260004000090300001000130650001400140942000700154999001500161190216s9999||||xx |||||||||||||| ||und|| aWells A F 0aStructural Inorganic Chemistry bEnglish Language Book Societyc1975 a1095p aChemistry cBK c2171d2171